000 00354nam a2200133Ia 4500
008 240624s9999 xx 000 0 und d
041 _aeng
082 _a332.6457 SRI
100 _aSRIVASTAVA RAJIV
245 _aDERIVATIVES AND RISK MANAGEMENT
260 _c2010
_aNew Delhi
_bOxford University press
300 _a592 : p. : cm. ; 24
365 _cRS
_b30
999 _c15065
_d15065